000 00699nam a22001577a 4500
003 JO-AjAnu
005 20240330124833.0
008 240330b jo ||||| |||| 00| 0 ara d
040 _aJO-AjAnu
_cANU
111 _aالندوات العلمية في مجمع اللغة العربية الأردني
_965181
245 _aالندوات العلمية في مجمع اللغة العربية الأردني
260 _aعمان :
_bمجمع اللغة العربية الأردني،
_c2022
300 _a182 ورقة
611 _xتعلم اللغة الثانية-اللغة العربية-الندوات العلمية-مجامع اللغة العربية-الأردن
942 _2lcc
_cREF
_n0
999 _c33372
_d33372